| 000 | 00645nam a2200181 i 4500 | ||
|---|---|---|---|
| 001 | 147795 | ||
| 003 | ES-MaACL | ||
| 005 | 20251127063337.0 | ||
| 007 | t| | ||
| 008 | 071005s1917 sp ||||1| spa d | ||
| 100 | 1 |
_aUrquinaona y Pardo, Pedro de _9133461 |
|
| 245 | 1 | 0 |
_aMemorias de Urquinaona _b: (comisionado de la Regencia Española para la pacificación del Nuevo Reino de Granada) / _cPedro Urquinaona Pardo. |
| 260 |
_aMadrid : _b[Juan Pueyo, _c1917] |
||
| 300 |
_a383 p. ; _c23 cm. |
||
| 651 | 4 |
_aVenezuela- _xHistoria- _y1810-1823, Guerra de la Independencia. _9148949 |
|
| 852 |
_aES-MaACL _jF-840 |
||
| 999 |
_c147795 _d147795 |
||